Polnische Städtenamen auf Deutsch - Statistiken

Allgemein
  • Dieses Quiz wurde 337 mal gespielt
  • Das Durchschnittsergebnis liegt bei 6 aus 12
Antwortstatistiken
Polnischer Name Deutscher Name % Korrekt
Warszawa Warschau
99%
Kraków Krakau
98%
Gdańsk Danzig
90%
Szczecin Stettin
78%
Wrocław Breslau
73%
Opole Oppeln
47%
Olsztyn Allenstein
27%
Zielona Góra Grünberg
25%
Bydgoszcz Bromberg
24%
Częstochowa Tschenstochau
20%
Gorzów Wielkopolski Landsberg an der Warthe
11%
Chorzów Königshütte
9%
Keine übereinstimmenden Quizze gefunden
Verteilung der Resultate
Anzahl Personen mit jedem Resultat
Perzentil nach korrekt beantworteten Fragen
Ihre Resultats-Entwicklung
Sie haben dieses Quiz noch nicht gespielt